000 00526nam a2200193 a 4500
001 58923
005 20180714055710.0
008 140415s1985 mx 000 0 spa d
020 _a9681310268
041 _aspa
082 _a658.81
_bCAN
100 1 _aCANFIELD, BERTRAND R.
245 1 0 _aADMINISTRACION DE VENTAS :
_bPRINCIPIOS Y PROBLEMAS
250 _a2a ed.
260 _aMEXICO :
_bDIANA,
_c1985
300 _a765
650 1 4 _aVENTA
_xDIRECCION Y ADMINISTRACION
700 1 _aMATEO, ANDRES M.
_etr.
999 _c58923
_d58923